01078nam a2200193 4500999001700000005001700017008004200034040004200076050003700118100003400155245018700189260009700376300002700473502011400500504004300614852004300657942004100700952014300741 c89374d8912520240906104010.0240906b xxu||||| |||| 00| 0 eng d0 a\a NG-ZaABUc\c NG-ZaABUd\d NG-ZaABU a\a HF 554. 5. U48 Umab\b 517138 98731aa Umar, Abdulkadir Umar a\a Assessment of the Effect of Motivation on Employee Turnover in Dawakinkudu and Tarauni Local Government Education Authorities of Kano Statec\c by Umar Abdulkadir Umarh\h [Text] a\a Zaria:b\v Department of Public Administration, Ahmadu Bello University, Zaria,c\c 2018. a\a xix,167p.:b\b ill. a\a Faculty of Administration, Ahmadu Bello University, zARIAb\b (MSc) In Public Administrationd\d May, 2018 a\a Includes bibliographical references a\a K.I.L.c\c Africana Unitp\p 517138 2lcccBKh\h 554.5.U48k\k HFm\m Uma 00102lcc4070aKILbKILcAFRICAd2024-09-06l0o\o HF 554. 5. U48 Umap\p 30005103026350r2024-09-06 00:00:00t\t 517138w2024-09-06yBK